[Event "Bled op"]
[Site "Bled"]
[Date "1993.??.??"]
[Round "?"]
[White "Jelen, Iztok"]
[Black "Praznik, Anton"]
[Result "1-0"]
[WhiteElo "2390"]
[BlackElo "2280"]

1.d4 Nf6 2.c4 g6 3.Nc3 Bg7 4.e4 d6 5.Nf3 O-O 6.Be2 e5 7.O-O Nbd7 8.Re1 c6
9.Bf1 a5 10.dxe5 dxe5 11.Na4 Qe7 12.Qc2 Re8 13.c5 Bf8 14.Be3 Ng4 15.Bg5 f6
16.Bd2 Nxc5 17.Nb6 Rb8 18.Bxa5 Ne6 19.Bc4 Kg7 20.Rad1 Nd4 21.Qc3 Nxf3+ 22.Qxf3 Nh6
23.Nxc8 Rbxc8 24.Qh3 Qc5 25.Rd7+ Kh8 26.Bd2 g5 27.Rc1 Qb6 28.Qf3 Bg7 29.Qa3 Bf8
30.Qf3 Bg7 31.Bc3 Qc5 32.Qd3 b5 33.Bb3 Qb6 34.Rd1 c5 35.Rd6 Qb8 36.Be6 Rc7
37.Rd8 Rxd8 38.Qxd8+ Qxd8  1-0

[Event "Bled op"]
[Site "Bled"]
[Date "1993.??.??"]
[Round "?"]
[White "Bozic, Milan"]
[Black "Mazi, Leon"]
[Result "0-1"]
[WhiteElo "2250"]
[BlackElo "2295"]

1.d4 Nf6 2.c4 g6 3.Nc3 Bg7 4.e4 d6 5.Nf3 O-O 6.Be2 Nbd7 7.O-O e5 8.d5 Nc5
9.Qc2 a5 10.Be3 Ng4 11.Bxc5 dxc5 12.Rad1 Qe7 13.Ne1 Nh6 14.Nd3 f5 15.Na4 b6
16.d6 Qxd6 17.Ndxc5 Qc6 18.Bf3 bxc5 19.exf5 e4 20.Bxe4 Bxf5 21.Bxc6 Bxc2
22.Bxa8 Rxa8 23.Nxc5 Bxd1 24.Rxd1 Bxb2 25.Rd7 Re8 26.g3 Re2 27.Nb7 a4 28.Rxc7 Bd4
29.Rd7 Bxf2+ 30.Kf1 Rxa2 31.Nd6 Ng4  0-1

[Event "Bled op"]
[Site "Bled"]
[Date "1993.??.??"]
[Round "?"]
[White "Kragelj, Igor"]
[Black "Basagic, Zlatko"]
[Result "1-0"]
[WhiteElo "2285"]
[BlackElo "2410"]

1.d4 Nf6 2.c4 d6 3.Nc3 e5 4.Nf3 Nbd7 5.e4 g6 6.Be2 Bg7 7.O-O O-O 8.Re1 c6
9.Bf1 a6 10.h3 b5 11.a3 Bb7 12.dxe5 dxe5 13.Be3 Qe7 14.Qc2 Nh5 15.Rad1 Rfd8
16.Ne2 Bf8 17.Nc1 Nf4 18.Nb3 Rac8 19.Rd2 Ne6 20.Red1 c5 21.Na5 Ba8 22.cxb5 axb5
23.Bxb5 Nd4 24.Qd3 f5 25.Bxd4 cxd4 26.exf5 Nc5 27.Qe2 Ne4 28.Rc2 gxf5 29.Nc6 Bxc6
30.Bxc6 Nc5 31.Qxe5 Ne6 32.Ba4 Bg7 33.Qxf5 Nc5 34.b4 Rf8 35.Qd5+ Kh8 36.Rxc5 Rcd8
37.Qh5 d3 38.Rd5 Ra8 39.Bb3 Rxa3 40.R5xd3  1-0

[Event "Wch U18"]
[Site "Bratislava"]
[Date "1993.??.??"]
[Round "2"]
[White "Seba, Kamel"]
[Black "Kulaots, Kaido"]
[Result "0-1"]
[WhiteElo "2245"]
[BlackElo "2275"]

1.d4 Nf6 2.c4 g6 3.Nc3 Bg7 4.e4 O-O 5.Nf3 d6 6.Be2 e5 7.dxe5 dxe5 8.Qxd8 Rxd8
9.Bg5 c6 10.Nxe5 Re8 11.Rd1 Na6 12.Nf3 Nc5 13.Nd2 h6 14.Bxf6 Bxf6 15.f3 a5
16.Nb3 Ne6 17.a4 b6 18.O-O Nc5 19.Nd4 Bb7 20.f4 Nxe4 21.Bf3 Rad8 22.Nxe4 Bxd4+
23.Kh1 Kf8 24.b3 c5 25.Ng3 Bxf3 26.Rxf3 f5 27.Rfd3 Re6 28.Nf1 Rde8 29.g3 g5
30.fxg5 hxg5 31.Rf3 Rf6 32.Rd2 Kg7 33.Rdd3 Kg6 34.h3 Rfe6 35.Rd2 g4 36.hxg4 fxg4
37.Rf4 Kg5 38.Rf7 Re1 39.Kg2  0-1

[Event "Bratislava Slovan op"]
[Site "Bratislava"]
[Date "1993.??.??"]
[Round "4"]
[White "Obodchuk, Andrei"]
[Black "Dobrotka, Martin"]
[Result "1-0"]
[WhiteElo "2365"]
[BlackElo "2205"]

1.d4 Nf6 2.c4 d6 3.Nc3 e5 4.Nf3 Nbd7 5.e4 g6 6.Be2 Bg7 7.O-O O-O 8.Qc2 c6
9.Rd1 Qc7 10.Rb1 a6 11.b4 Re8 12.dxe5 dxe5 13.c5 Nf8 14.h3 Nh5 15.Be3 h6
16.Rd6 Ne6 17.Rbd1 Qe7 18.Na4 Nhf4 19.Nb6 Rb8 20.Bf1 Ng5 21.Nxg5 hxg5 22.Nxc8 Rexc8
23.Rd7 Qf6 24.Bc4 Ne6 25.Bxe6 Qxe6 26.Bxg5 Bf8 27.Bd8 b5 28.cxb6  1-0

[Event "Bratislava op"]
[Site "Bratislava"]
[Date "1993.??.??"]
[Round "4"]
[White "Banas, Jan"]
[Black "Kanstler, Boris"]
[Result "1/2-1/2"]
[WhiteElo "2380"]
[BlackElo "2440"]

1.c4 g6 2.e4 Bg7 3.d4 d6 4.Nc3 Nf6 5.Be2 Nbd7 6.Nf3 e5 7.O-O O-O 8.d5 Nc5
9.Qc2 a5 10.Bg5 Bd7 11.Nd2 h6 12.Be3 Nh5 13.g3 f5 14.exf5 Bxf5 15.Nde4 Nxe4
16.Nxe4 Nf6 17.Bd3 b6 18.f3 Nxe4 19.Bxe4 Kh7 20.g4 Bxe4 21.fxe4 Qd7 22.Qe2 Bf6
23.h3 Bg5 24.Rxf8 Rxf8 25.Rf1 Rxf1+ 26.Kxf1 Bf4 27.Kg2 Qf7 28.Bf2 Kg7 29.b3  1/2-1/2

[Event "Bratislava op"]
[Site "Bratislava"]
[Date "1993.??.??"]
[Round "4"]
[White "Kopjonkin, Gennady"]
[Black "Golod, Vitali"]
[Result "0-1"]
[WhiteElo "2390"]
[BlackElo "2490"]

1.d4 Nf6 2.Nf3 g6 3.c4 Bg7 4.Nc3 O-O 5.e4 d6 6.Be2 e5 7.d5 Nbd7 8.Bg5 h6
9.Bh4 g5 10.Bg3 Nh5 11.h4 g4 12.Nh2 Nxg3 13.fxg3 h5 14.Rf1 f5 15.exf5 Nf6
16.Bd3 e4 17.Bc2 Qe7 18.Qd4 Bd7 19.Rf2 Nh7 20.Qe3 Rxf5 21.Qxe4 Qxe4+ 22.Bxe4 Rxf2
23.Kxf2 Bd4+ 24.Ke2 Nf6 25.Bd3 Re8+ 26.Kd2 Bf2 27.Nf1 Re5 28.Kc2 c6 29.Rd1 cxd5
30.cxd5 Kg7 31.Rd2 Be1 32.Re2 Bxc3 33.Kxc3 Nxd5+ 34.Kd2 Kf6 35.a3 Bf5 36.Rf2 Kg6
37.Bc4 Nf6 38.Bd3 Bxd3 39.Kxd3 Rd5+ 40.Ke2 Rf5 41.Rf4 Rb5 42.b4 Re5+ 43.Kd2 Nd5
44.Rd4 Kf6 45.Kd3 Ke6 46.Kd2 b5 47.Kd3 a6 48.Kd2 Ne7 49.Rf4 Nf5 50.Rf2 Re4
51.Kd1 Rd4+ 52.Kc2 Ke5 53.Kc3 Re4 54.Kd3 Re1 55.Kd2 Ra1 56.Kc3 Nxg3 57.Nd2 Rxa3+
58.Kb2 Re3 59.Rf8 Re2 60.Kc1 Rxg2 61.Ra8 Ne2+ 62.Kd1 Nc3+ 63.Kc1 Na2+ 64.Kd1 Nxb4
65.Rh8 Kd4 66.Rxh5 Kd3 67.Nf1 Ra2 68.Ke1 Nc2+  0-1

[Event "Bratislava op"]
[Site "Bratislava"]
[Date "1993.??.??"]
[Round "4"]
[White "Fish, Gannadij"]
[Black "Asanov, Bolat"]
[Result "1/2-1/2"]
[WhiteElo "2440"]
[BlackElo "2385"]

1.d4 Nf6 2.c4 g6 3.Nc3 Bg7 4.e4 d6 5.Be2 O-O 6.Nf3 Na6 7.O-O e5 8.Re1 Qe8
9.Bf1 Bg4 10.Be3 Bxf3 11.Qxf3 Ng4 12.dxe5 Nxe3 13.Rxe3 Qxe5 14.Rd1 Nc5 15.b3 Ne6
16.Rd5 Qf4 17.Qxf4 Nxf4 18.Rd1 Rfe8  1/2-1/2

[Event "Bratislava op"]
[Site "Bratislava"]
[Date "1993.??.??"]
[Round "5"]
[White "Golod, Vitali"]
[Black "Ryskin, Alexander"]
[Result "1/2-1/2"]
[WhiteElo "2490"]
[BlackElo "2515"]

1.d4 Nf6 2.c4 g6 3.Nc3 Bg7 4.e4 O-O 5.Be2 d6 6.Nf3 e5 7.dxe5 dxe5 8.Qxd8 Rxd8
9.Bg5 c6 10.Nxe5 Re8 11.O-O-O Na6 12.Nf3 Bg4 13.Bxf6 Bxf6 14.Nd4 Rad8 15.Bxg4 Bxd4
16.f3 Nb4 17.a3 Bxc3 18.axb4  1/2-1/2

[Event "Bratislava op"]
[Site "Bratislava"]
[Date "1993.??.??"]
[Round "6"]
[White "Chernyshov, Konstantin"]
[Black "Sziebert, Adam"]
[Result "1/2-1/2"]
[WhiteElo "2400"]
[BlackElo "2285"]

1.c4 Nf6 2.Nc3 g6 3.Nf3 Bg7 4.e4 d6 5.d4 O-O 6.Be2 e5 7.Bg5 Qe8 8.dxe5 dxe5
9.O-O Na6 10.Nd5 Nxe4 11.Be7 c6 12.Bxf8 Qxf8 13.Ne3 f5 14.Qc2 Nec5 15.Rfd1 f4
16.Nf1 Bf5 17.Qd2 Ne4 18.Qa5 Nb4 19.c5 Qxc5 20.Qxc5 Nxc5 21.Rd2 e4 22.Ne1 Ncd3
23.a3 Nxe1 24.Rxe1 Nd5 25.Bc4 Kf8 26.g4 e3 27.fxe3 fxe3 28.Nxe3 Nxe3 29.Rxe3 Bh6
30.Rh3 Bxd2 31.gxf5 gxf5 32.Rxh7 Rd8 33.Rxb7 Be3+ 34.Kf1 Rd2 35.h4 Rh2 36.Rf7+ Ke8
37.Rxf5 Rxh4 38.Re5+ Kd8 39.b3 Bd4 40.Rf5 Kc7 41.Ke2 Rh3 42.Kd2 a5 43.Bd3 Rh2+
44.Be2 Rh3 45.Bf3 Kb6 46.Ke2 Rh7 47.Kd3 Bc5 48.a4  1/2-1/2

[Event "Bratislava op"]
[Site "Bratislava"]
[Date "1993.??.??"]
[Round "6"]
[White "Nesterov, Jakov"]
[Black "Asanov, Bolat"]
[Result "1-0"]
[WhiteElo "2485"]
[BlackElo "2385"]

1.d4 g6 2.e4 Bg7 3.c4 d6 4.Nc3 Nf6 5.Be2 O-O 6.Nf3 Na6 7.O-O e5 8.Be3 Ng4
9.Bg5 Qe8 10.dxe5 dxe5 11.h3 h6 12.Bd2 Nf6 13.Be3 b6 14.Nd2 Bb7 15.a3 Rd8
16.Qc2 Nb8 17.Nb5 c6 18.Nxa7 Nbd7 19.c5 Nxc5 20.Nc4 Ncxe4 21.Bxb6 Ra8 22.Bd3 Ng5
23.Na5 Qb8 24.N7xc6 Bxc6 25.Qxc6 Rc8 26.Qb5 Nd5 27.Qxd5 Qxb6 28.Nc4 Qb3 29.Be2 Ne6
30.Qd1 Qb8 31.Rc1 Nd4 32.b4 e4 33.g3 Rd8 34.Kg2 Qb5 35.h4 Rac8 36.Nd6 Qd5
37.Nxc8 e3+ 38.Bf3 Qe6 39.fxe3 Qxe3 40.Qe1 Qxa3 41.Ne7+ Kh7  1-0

[Event "Bratislava Slovan op"]
[Site "Bratislava"]
[Date "1993.??.??"]
[Round "7"]
[White "Banas, Jan"]
[Black "Obodchuk, Andrei"]
[Result "1-0"]
[WhiteElo "2370"]
[BlackElo "2365"]

1.c4 g6 2.e4 Bg7 3.d4 d6 4.Nc3 Nf6 5.Be2 O-O 6.Nf3 e5 7.d5 a5 8.Bg5 h6 9.Bh4 Na6
10.Nd2 Qe8 11.a3 Bd7 12.b3 Nh7 13.Rb1 h5 14.f3 Bh6 15.Bf2 Nc5 16.Qc2 f5 17.b4 axb4
18.axb4 fxe4 19.Ndxe4 Nxe4 20.Nxe4 Bf5 21.Bd3 Ng5 22.O-O Nxe4 23.fxe4 Bd7
24.Ra1 Qe7 25.c5 h4 26.cxd6 cxd6 27.Rxa8 Rxa8 28.Qc7 h3 29.g3 Rf8 30.Bb6 Rxf1+
31.Bxf1 Qf7 32.Qxd6 Kh7 33.Qxe5 Bg7 34.Qf4 Qe8 35.Qh4+ Kg8 36.Bxh3 Bxh3 37.Qxh3 Qxe4
38.Qe6+ Qxe6 39.dxe6 Bf8 40.b5  1-0

[Event "Bratislava op"]
[Site "Bratislava"]
[Date "1993.??.??"]
[Round "7"]
[White "Sorokin, Maxim"]
[Black "Ryskin, Alexander"]
[Result "1/2-1/2"]
[WhiteElo "2515"]
[BlackElo "2515"]

1.d4 Nf6 2.c4 g6 3.Nc3 Bg7 4.e4 O-O 5.Nf3 d6 6.Be2 e5 7.dxe5 dxe5 8.Qxd8 Rxd8
9.Bg5 c6 10.Nxe5 Re8 11.O-O-O Na6 12.Nf3 Bg4 13.e5 Nd7 14.h3 Bxf3 15.Bxf3 Nxe5
16.Be2 f5 17.Be3 Nf7 18.Rhe1 Re7 19.Bf1 Rae8 20.Bd2 Be5 21.Kc2 Nc5 22.f4 Bc7
23.Rxe7 Rxe7 24.g3 Ne6 25.Re1 Bb6 26.Nd1 Nd6 27.Bd3 Kf7 28.b4 Nd4+ 29.Kc3 Rxe1
30.Bxe1 c5 31.a3 a5 32.Bf2 axb4+ 33.axb4 cxb4+ 34.Kxb4 Nc6+ 35.Kc3 Bxf2 36.Nxf2 Ne8
37.c5 Nf6 38.Kc4 Ke6 39.Be2 Nd5 40.Bf3 Ne3+ 41.Kd3 Nd5 42.Nd1 Na5 43.Nb2 Nb4+
44.Kd4 Nc2+ 45.Kc3 Ne3 46.Nd3 Nd5+ 47.Kc2 Ne3+ 48.Kc3 Nd5+ 49.Kd2 b6  1/2-1/2

[Event "Wch U18"]
[Site "Bratislava"]
[Date "1993.??.??"]
[Round "8"]
[White "Kumaran, Dharshan"]
[Black "Irzhanov, Ruslan"]
[Result "1/2-1/2"]
[WhiteElo "2385"]
[BlackElo "2385"]

1.d4 Nf6 2.c4 g6 3.Nc3 Bg7 4.e4 d6 5.Nf3 O-O 6.Be2 e5 7.d5 Nbd7 8.Bg5 h6
9.Bh4 a6 10.O-O g5 11.Bg3 Nh5 12.Nd2 Nf4 13.Bg4 Nf6 14.Bxc8 Rxc8 15.b4 h5
16.Nf3 Ng6 17.h4 Nh7 18.hxg5 f6 19.Nd2 h4 20.Qh5 Qe8 21.Bxh4 Nxh4 22.Qxh4 fxg5
23.Qg4 Rf4 24.Qe6+ Qxe6 25.dxe6 Rf6 26.e7 Re6 27.Nd5 Bf6 28.b5 Bxe7 29.bxa6 bxa6
30.Rab1 Nf8 31.Rb7 Bd8 32.Ra7 c6 33.Ne3 a5 34.Nb3 Re7 35.Rxe7 Bxe7 36.Nxa5 Ne6
37.Nf5 Kf7 38.Rd1 Nc5 39.f3 Ke6 40.Nb3 Na4 41.Rd2 Ra8 42.Rc2 Bd8 43.Kf2 Ba5
44.Kg3 Bb4 45.Kg4 Kf6 46.Nc1 Ba3 47.Nb3 Bb4 48.g3 Nc3 49.Rh2 Rxa2 50.Rh6+ Kf7
51.Nxd6+ Bxd6 52.Rxd6 Rg2 53.Rxc6 Ne2 54.Kf5 Rxg3 55.Rc7+ Ke8 56.Kxe5 g4
57.fxg4 Rxb3 58.g5 Rg3 59.Rg7 Kf8 60.Rg6 Kf7 61.Rf6+ Ke7 62.Re6+ Kf7 63.g6+ Rxg6
64.Rxg6 Kxg6 65.Kd6 Kf7 66.Kd7 Kf6 67.c5 Nd4 68.c6 Nxc6  1/2-1/2

[Event "Bratislava op"]
[Site "Bratislava"]
[Date "1993.??.??"]
[Round "8"]
[White "Kopjonkin, Gennady"]
[Black "Likavsky, Tomas"]
[Result "1/2-1/2"]
[WhiteElo "2390"]
[BlackElo "2240"]

1.d4 Nf6 2.Nf3 g6 3.c4 Bg7 4.Nc3 O-O 5.e4 d6 6.Be2 e5 7.d5 Nbd7 8.Bg5 h6
9.Bh4 g5 10.Bg3 Nh5 11.h4 Nxg3 12.fxg3 g4 13.Nd2 h5 14.O-O Bh6 15.Bd3 Nf6
16.Qe2 Ne8 17.Rf2 Ng7 18.Raf1 f6 19.a3 Qe7 20.Kh2 Bd7 21.b4 Rf7 22.Nd1 Raf8
23.Ne3 c6 24.Kg1 Bc8 25.Nb1 Qd8 26.Nc3 Qb6 27.c5 dxc5 28.Nc4 Qd8 29.bxc5 cxd5
30.Nd6 f5 31.exf5 e4 32.Ncxe4 dxe4 33.Bc4 e3 34.Rf4 Bxf4 35.Rxf4 Qf6 36.Qxe3 Nxf5
37.Bxf7+ Rxf7 38.Qe8+ Rf8 39.Qxh5 Be6 40.Qxg4+ Ng7 41.Qf3 Qa1+ 42.Kh2 Rxf4
43.Qxf4 Qxa3 44.Ne4 Qa1 45.Qb8+ Kh7 46.Qxb7 a5 47.c6 Bd5 48.Ng5+ Kg6 49.Qd7 Qa2
50.Nf3 Bxf3 51.Qd3+ Nf5 52.Qxf3 Qc4 53.h5+ Kg5 54.Kh3 a4 55.g4 Ne7 56.Qe3+ Kf6
57.g5+ Kf7 58.Qf3+ Kg8 59.Qf6 Qf7 60.Qh6 Nf5 61.c7 Qb3+ 62.Kh2 Qg3+ 63.Kh1 Qh4+
64.Kg1 Qd4+ 65.Kh1 Qh4+ 66.Kg1 Qe1+ 67.Kh2 Qg3+ 68.Kg1  1/2-1/2

[Event "Wch U16 Girls"]
[Site "Bratislava"]
[Date "1993.??.??"]
[Round "9"]
[White "Bobrowska, Monika"]
[Black "Dworakowska, Joanna"]
[Result "0-1"]
[WhiteElo "2210"]
[BlackElo "2120"]

1.d4 Nf6 2.Nf3 g6 3.c4 Bg7 4.Nc3 O-O 5.e4 d6 6.Be2 e5 7.d5 a5 8.Bg5 h6 9.Bh4 Na6
10.O-O Bd7 11.Nd2 Qe8 12.b3 h5 13.f3 Nh7 14.a3 Bh6 15.Rb1 Be3+ 16.Kh1 Bc5
17.Qc1 f5 18.exf5 gxf5 19.Na2 Qg6 20.b4 axb4 21.axb4 Be3 22.Bf2 Qh6 23.Bxe3 Qxe3
24.Qc3 Qh6 25.Nc1 Rf7 26.Ncb3 Rg7 27.c5 Kh8 28.c6 Rag8 29.Rg1 Bc8 30.Ra1 Nf6
31.cxb7 Bxb7 32.Bc4 Nb8 33.Qd3 Bc8 34.Na5 h4 35.Nc6 Nh5 36.Nf1 Nf4 37.Qd2 Rxg2
38.Rxg2 Rxg2 39.Qd1 Qg7 40.Ne3 Nxc6 41.dxc6 Nh3 42.Nxg2 Nf2+ 43.Kg1 Nxd1
44.Ra8 h3 45.Rxc8+ Kh7 46.Rg8 Qh6 47.Rc8 hxg2 48.Bg8+ Kg7 49.Kxg2 Qg5+ 50.Kf1 Ne3+  0-1

[Event "Bratislava op"]
[Site "Bratislava"]
[Date "1993.??.??"]
[Round "9"]
[White "Agababian, Naira"]
[Black "Smolovic, Mile"]
[Result "0-1"]
[WhiteElo "2195"]
[BlackElo "2365"]

1.d4 Nf6 2.Nf3 d6 3.c4 g6 4.Nc3 Bg7 5.e4 O-O 6.Be2 e5 7.Be3 h6 8.h3 exd4
9.Nxd4 Re8 10.Qc2 Nbd7 11.O-O-O Nc5 12.f3 Nfd7 13.g4 Nb6 14.Rhg1 Bd7 15.h4 Nba4
16.Nxa4 Nxa4 17.b3 Nc5 18.Kb1 a5 19.Bc1 a4 20.b4 Na6 21.b5 Nc5 22.Bb2 a3
23.Ba1 Qxh4 24.Nf5 Bxf5 25.gxf5 Bxa1 26.Kxa1 Qf6+ 27.Kb1 Ra4 28.Qd2 g5 29.Qd4 Qxd4
30.Rxd4 Rb4+ 31.Kc1 f6 32.Rh1 Kg7 33.Rd2 Nd7 34.Rc2 b6 35.Kd2 Ra8 36.f4 Nc5
37.Ke3 Rb2 38.Rhc1 Nb3 39.Rxb2 axb2 40.Rb1 Rxa2 41.fxg5 fxg5 42.Bd1 Nc5 43.Bc2 h5
44.Kd4 Kf6 45.Kd5 g4 46.Kc6 g3 47.Kxc7 g2 48.Rg1 Ke5 49.f6 Ne6+ 50.Kxb6 Nf4
51.f7 Ra8 52.c5 dxc5  0-1

[Event "Wch U18"]
[Site "Bratislava"]
[Date "1993.??.??"]
[Round "11"]
[White "Kumaran, Dharshan"]
[Black "Vouldis, Angelos"]
[Result "1/2-1/2"]
[WhiteElo "2385"]
[BlackElo "2280"]

1.d4 Nf6 2.c4 g6 3.Nc3 Bg7 4.e4 O-O 5.Nf3 d6 6.Be2 e5 7.d5 Na6 8.Nd2 Bd7
9.a3 c6 10.b4 c5 11.Rb1 b6 12.h4 Nh5 13.Bxh5 gxh5 14.Qxh5 f5 15.b5 Nc7 16.exf5 Bxf5
17.Nde4 a6 18.bxa6 b5 19.Bg5 Qd7 20.Qe2 Rxa6 21.cxb5 Rxa3 22.O-O Rb8 23.b6 Ne8
24.Rb2 h6 25.Bd2 Rb7 26.f3 Qd8 27.Rfb1 Qxh4 28.Qc4 Qe7 29.Nb5 Ra8 30.Na7 Bf8
31.Nc6 Qg7 32.Ra2 Bh3 33.Be1 Ra3 34.Bg3 Rxa2 35.Qxa2 Bf5 36.Bh4 Bxe4 37.fxe4 Qg4
38.Nd8 Rxb6 39.Rf1 Qxh4 40.Qa7 Be7 41.Nc6 Bf6 42.Qxb6 Bg5 43.Qb3 Qxe4 44.Qh3 Qe3+
45.Qxe3 Bxe3+ 46.Kh2 Bg5 47.Na5 Bf4+ 48.g3 Be3 49.Nc4  1/2-1/2

[Event "Bruchkoebel MVT"]
[Site "Bruchkoebel"]
[Date "1993.??.??"]
[Round "4"]
[White "Majer, Damir"]
[Black "Zunker, Reinhard"]
[Result "1/2-1/2"]
[WhiteElo "2225"]
[BlackElo "2295"]

1.d4 Nf6 2.c4 g6 3.Nc3 Bg7 4.Nf3 d6 5.e4 O-O 6.Be2 e5 7.d5 Nh5 8.Bg5 f6 9.Be3 Nf4
10.Bxf4 exf4 11.Nd4 Qe7 12.O-O f5 13.exf5 Bxf5 14.Re1 Be5 15.Bg4 Bxg4 16.Qxg4 Na6
17.Ne6 Bxc3 18.bxc3 Rae8 19.Kf1 Qd7 20.Qh4 Rf7 21.Nxf4 Ref8 22.Nh3 Qf5 23.Re3 Nc5
24.Rae1 Qc2 25.Rf3 Rxf3 26.gxf3 Qd3+ 27.Kg1 Qxc3 28.Re7 h5 29.Qg5 Qa1+ 30.Kg2 Qf6
31.Qxf6 Rxf6 32.Ng5 Rf4 33.Ne4 Nxe4 34.fxe4 Rf7 35.Re8+ Rf8 36.Rxf8+ Kxf8
37.Kg3 Ke7 38.Kf4 Kf6 39.h4 c5 40.dxc6 bxc6 41.a3 a6 42.a4 a5 43.f3  1/2-1/2

[Event "Bruchkoebel MVT"]
[Site "Bruchkoebel"]
[Date "1993.??.??"]
[Round "10"]
[White "Schwarz, Peter"]
[Black "Mueller, Achim"]
[Result "1-0"]
[WhiteElo "2290"]
[BlackElo "2260"]

1.d4 Nf6 2.c4 d6 3.Nc3 g6 4.e4 Bg7 5.Nf3 O-O 6.Be2 e5 7.O-O exd4 8.Nxd4 Re8
9.f3 c6 10.Nc2 Be6 11.Ne3 Na6 12.Kh1 Qe7 13.Nc2 Rad8 14.Bg5 Qc7 15.Qd2 Rd7
16.Rac1 h5 17.Nd4 Qb6 18.Rfd1 Nc5 19.b4 Na6 20.a3 Nh7 21.Be3 Qd8 22.Bf4 Qf6
23.Nxe6 Qxe6 24.c5 Nb8 25.cxd6 Red8 26.Na4 Be5 27.Nc5 Bxf4 28.Qxf4 Qa2 29.Nxd7 Rxd7
30.Bc4 Qxa3 31.e5 Nf8 32.Qe4 Kh7 33.Rb1 Qc3 34.Rb3 f5 35.Qe2  1-0

[Event "Bruchkoebel MT"]
[Site "Bruchkoebel"]
[Date "1993.??.??"]
[Round "11"]
[White "Lisanti, Andre"]
[Black "Alber, Horst"]
[Result "1/2-1/2"]
[WhiteElo "2330"]
[BlackElo "2315"]

1.d4 Nf6 2.c4 g6 3.Nc3 Bg7 4.e4 d6 5.Nf3 O-O 6.Be2 e5 7.d5 a5 8.Bg5 Na6 9.Nd2 Bd7
10.O-O h6 11.Be3 Ne8 12.a3 f5 13.f3 Nf6 14.b3 Rf7 15.Rb1 Nc5 16.b4 axb4 17.axb4 Na4
18.Nxa4 Bxa4 19.Qc1 Bd7 20.Ra1 Rxa1 21.Qxa1 Nh5 22.Rc1 Bf6 23.Qa3 Bg5 24.Ra1 Kg7
25.Qc3 Bf4 26.Bf1 Qg5 27.Bxf4 Qxf4 28.Ra7 Bc8 29.c5 Nf6 30.g3 Qg5 31.Bg2 fxe4
32.Nxe4 Nxe4 33.fxe4 Qg4 34.Qd2 h5 35.Ra3 h4 36.h3 Qh5 37.g4 Qh6 38.Qxh6+ Kxh6
39.Ra8 Rf8 40.c6 bxc6 41.dxc6 Kg7 42.Bf1 Be6 43.Ra7 Rf7 44.g5 Re7 45.Kf2 Kf7
46.Ra5 Re8 47.Ra7 Re7  1/2-1/2

[Event "Brussels zt"]
[Site "Brussels"]
[Date "1993.??.??"]
[Round "2"]
[White "Sosonko, Gennadi"]
[Black "Nijboer, Friso"]
[Result "1/2-1/2"]
[WhiteElo "2535"]
[BlackElo "2505"]

1.d4 Nf6 2.c4 g6 3.Nc3 Bg7 4.e4 d6 5.Nf3 O-O 6.Be2 e5 7.O-O Na6 8.Re1 c6
9.Bf1 Bg4 10.Be3 Bxf3 11.Qxf3 Ng4 12.Qxg4 exd4 13.Bg5 f6 14.Qe6+ Rf7 15.Bf4 dxc3
16.Bxd6 cxb2 17.Rab1 Nc7 18.Bxc7 Qxc7 19.c5 Kh8 20.Rxb2 Re7 21.Qc4 b5 22.cxb6 axb6
23.Rc2 f5 24.Qxc6 Qxc6 25.Rxc6 Bd4 26.Rc4  1/2-1/2

[Event "Bucharest"]
[Site "Bucharest"]
[Date "1993.??.??"]
[Round "?"]
[White "Kiselev, Sergey"]
[Black "Tseitlin, Mikhail S"]
[Result "1-0"]
[WhiteElo "2510"]
[BlackElo "2485"]

1.d4 Nf6 2.Nf3 g6 3.c4 Bg7 4.Nc3 O-O 5.e4 d6 6.Be2 c6 7.O-O e5 8.Be3 Ng4
9.Bg5 f6 10.Bc1 f5 11.dxe5 Nxe5 12.exf5 Bxf5 13.Nd4 Bc8 14.Be3 Na6 15.f4 Nf7
16.Qd2 Nc5 17.b4 Ne6 18.Nb3 Re8 19.Bf3 Nf8 20.Rac1 Be6 21.Na5 Re7 22.Rfd1 Rc8
23.Qf2 a6 24.Ne4 Rd7 25.Bb6 Qe7 26.Re1 g5 27.g3 gxf4 28.gxf4 Ng6 29.Bg2 Rf8
30.Ng3 Nfe5 31.f5 Bxf5 32.Nxf5 Qg5 33.Be3 Qg4 34.Rf1 Rdf7 35.h3 Qxf5 36.Qxf5 Rxf5
37.Rxf5 Rxf5 38.Nxb7 Nf3+ 39.Kh1 Be5 40.Rd1 Rf6 41.Na5 Ngh4 42.Nxc6 Nxg2
43.Kxg2 Nh4+ 44.Kg1 Rf3 45.Bf2 Bg3 46.Bxg3 Rxg3+ 47.Kf2 Rxh3 48.b5 Ng6 49.b6 Rh2+
50.Ke1 Rb2 51.Rxd6 Nf4 52.Na5 Kf7 53.b7 Ng2+ 54.Kd1 Ne3+ 55.Kc1 Nxc4 56.Nxc4  1-0

[Event "Bucharest"]
[Site "Bucharest"]
[Date "1993.??.??"]
[Round "?"]
[White "Gagarin, Vasilij"]
[Black "Istratescu, Andrei"]
[Result "0-1"]
[WhiteElo "2450"]
[BlackElo "2470"]

1.d4 Nf6 2.Nf3 g6 3.c4 Bg7 4.Nc3 O-O 5.e4 d6 6.Be2 e5 7.dxe5 dxe5 8.Qxd8 Rxd8
9.Bg5 Nbd7 10.O-O-O Rf8 11.Nd2 c6 12.b4 Re8 13.c5 a5 14.a3 axb4 15.axb4 b6
16.Nb3 bxc5 17.bxc5 Rb8 18.Kc2 Rxb3 19.Kxb3 Nxc5+ 20.Kc2 Nfxe4 21.Nxe4 Nxe4
22.Be3 Be6 23.Ra1 Nd6 24.Rhd1 Bd5 25.g3 Nf5 26.Ra4 Bf6 27.Bc4 Rd8 28.g4 Nxe3+
29.fxe3 Bg5 30.Rd3 e4 31.Rda3 Kg7 32.Rc3 Rd7 33.Ba2 Kf6 34.Ra8 Ke7 35.Ra6 f5
36.gxf5 gxf5 37.Ra8 f4 38.exf4 Bxf4 39.Rh3 Bxa2 40.Rxa2 Rd2+ 41.Kb3 Rxa2
42.Rxh7+ Kf6 43.Kxa2 e3 44.Rh4 Kf5 45.Rh5+ Ke4  0-1

[Event "Bucharest"]
[Site "Bucharest"]
[Date "1993.??.??"]
[Round "?"]
[White "Hauchard, Arnaud"]
[Black "Apicella, Manuel"]
[Result "1/2-1/2"]
[WhiteElo "2450"]
[BlackElo "2495"]

1.d4 Nf6 2.c4 g6 3.Nc3 Bg7 4.e4 d6 5.Be2 O-O 6.Nf3 e5 7.O-O Na6 8.Be3 Ng4
9.Bg5 Qe8 10.dxe5 dxe5 11.h3 h6 12.Bd2 Nf6 13.Be3 c6 14.a3 Qe7 15.b4 Nh5
16.c5 Rd8 17.Qc1 Nf4 18.Bxa6 bxa6 19.Bxf4 exf4 20.e5 Rd3 21.Ne1 Rd4 22.Ne2 Re4
23.Nc3 Rd4 24.Ne2 Re4 25.Nc3  1/2-1/2

[Event "Bucharest Caissa"]
[Site "Bucharest"]
[Date "1993.??.??"]
[Round "2"]
[White "Stajcic, Nikola"]
[Black "Mathe, Gaspar"]
[Result "1/2-1/2"]
[WhiteElo "2270"]
[BlackElo "2405"]

1.d4 d6 2.e4 Nd7 3.c4 e5 4.Nf3 Ngf6 5.Nc3 g6 6.Be2 Bg7 7.O-O O-O 8.Re1 h6
9.Bf1 exd4 10.Nxd4 Nc5 11.f3 Ne6 12.Be3 Kh7 13.Qd2 Re8 14.Rad1 Nxd4 15.Bxd4 Be6
16.Qc2 Nd7 17.Bxg7 Kxg7 18.f4 f5 19.g3 fxe4 20.Nxe4 Nf6 21.Qc3 Kf7 22.Bg2 Bg4
23.Rc1 Nxe4 24.Rxe4 Rxe4 25.Bxe4 c6 26.Kg2 Qd7 27.Qd3 Qe6 28.Re1 Bf5 29.Qd4 Bh3+
30.Kf2 Qf6 31.Qd2 Re8 32.b3 Kg7 33.Bf3 Rxe1 34.Kxe1 Bd7 35.Kf2 g5 36.fxg5 hxg5
37.Kg2 Bf5 38.h3 a6 39.g4 Bg6 40.a4 Qe5 41.a5 Be4 42.Bxe4 Qxe4+ 43.Kf2 Qe5
44.Qb4  1/2-1/2

[Event "Bucharest2"]
[Site "Bucharest"]
[Date "1993.??.??"]
[Round "3"]
[White "Musat, Adrian"]
[Black "Daly, Colm"]
[Result "1-0"]
[WhiteElo "2275"]
[BlackElo "2275"]

1.Nf3 Nf6 2.c4 g6 3.Nc3 Bg7 4.e4 d6 5.d4 O-O 6.Be2 e5 7.dxe5 dxe5 8.Qxd8 Rxd8
9.Bg5 Nbd7 10.O-O-O Rf8 11.Nd5 c6 12.Ne7+ Kh8 13.Be3 Re8 14.Nxc8 Raxc8 15.Nd2 Nf8
16.Bxa7 Ra8 17.Be3 Rxa2 18.Kc2 Ne6 19.Ra1 Rxa1 20.Rxa1 Bf8 21.Ra7 Rb8 22.f3 Bc5
23.Bxc5 Nxc5 24.b4 Ne6 25.Nb3 Kg7 26.c5 Ng8 27.Bc4 Nd8 28.Kc3 Kf6 29.Nd2 Rc8
30.Bb3 Rc7 31.Nc4 Rd7 32.Ra8 Ne7 33.f4 Ne6 34.Nxe5 Rd8 35.Rxd8 Nxd8 36.Nd7+ Kg7
37.Kd4 Nc8 38.Ke5 h5 39.g3 Na7 40.Kd6 Nb5+ 41.Ke7 Ne6 42.Bxe6 fxe6 43.Kxe6 Nd4+
44.Ke7 Nc2 45.f5 gxf5 46.exf5 Nxb4 47.f6+ Kg6 48.f7 Nd5+ 49.Ke6 Nc7+ 50.Kd6  1-0

[Event "Bucharest2"]
[Site "Bucharest"]
[Date "1993.??.??"]
[Round "5"]
[White "Dumitrache, Dragos"]
[Black "Bogdan, Dan"]
[Result "1/2-1/2"]
[WhiteElo "2385"]
[BlackElo "2290"]

1.Nf3 Nf6 2.c4 g6 3.d4 Bg7 4.Nc3 O-O 5.e4 d6 6.Be2 e5 7.dxe5 dxe5 8.Qxd8 Rxd8
9.Bg5 c6 10.Nxe5 Re8 11.O-O-O Na6 12.Rd6 Nxe4 13.Nxe4 Bxe5 14.Nf6+ Bxf6 15.Bxf6 Nc5  1/2-1/2

[Event "Bucharest ENE"]
[Site "Bucharest"]
[Date "1993.??.??"]
[Round "5"]
[White "Timoshenko, Georgy"]
[Black "Bogdan, Dan"]
[Result "1-0"]
[WhiteElo "2505"]
[BlackElo "2295"]

1.d4 Nf6 2.c4 g6 3.Nc3 Bg7 4.e4 d6 5.Nf3 O-O 6.Be2 Nbd7 7.O-O e5 8.Qc2 c6
9.Rd1 Qe7 10.Bf1 h6 11.Rb1 Nh7 12.b4 Ng5 13.Nxg5 hxg5 14.Be3 f5 15.f3 g4
16.fxg4 fxg4 17.d5 c5 18.Nb5 b6 19.Nc7 Rb8 20.Ne6 Rf7 21.a3 Bf6 22.Be2 g3
23.hxg3 Rb7 24.Qd2 Nf8 25.Ng5 Rg7 26.Rb3 Nh7 27.Ne6 Bxe6 28.dxe6 cxb4 29.axb4 Nf8
30.Bg4 Nxe6 31.Qd5  1-0

[Event "Bucharest CCS (Women)"]
[Site "Bucharest"]
[Date "1993.??.??"]
[Round "8"]
[White "Stanciu, Gabriela"]
[Black "Diozu, Maia"]
[Result "1-0"]
[WhiteElo "2245"]
[BlackElo "2020"]

1.d4 Nf6 2.c4 d6 3.Nc3 Nbd7 4.e4 e5 5.Nf3 g6 6.Be2 Bg7 7.O-O O-O 8.Re1 Re8
9.Bf1 a6 10.Rb1 exd4 11.Nxd4 c6 12.Nc2 Qc7 13.Bf4 Ne5 14.Qd2 Be6 15.b3 Rad8
16.Nd4 h5 17.Rbd1 Bc8 18.Bg5 b5 19.cxb5 axb5 20.Qf4 b4 21.Na4 Qe7 22.Qh4 c5
23.Nc2 Bg4 24.Rd2 Rb8 25.f4 Nc6 26.f5 Nd4 27.Nxd4 cxd4 28.fxg6 fxg6 29.Bc4+ Be6
30.Rf1 Nxe4  1-0